Actors that have played Hercule Poirot - Statistics

General Stats
  • This quiz has been taken 17 times
  • The average score is 10 of 46
Answer Stats
Hint Answer % Correct
Agatha Christie's Poirot (1989-2013, TV series) David Suchet
94%
Death on the Nile (1978, film) Peter Ustinov
88%
Evil Under the Sun (1982, film) Peter Ustinov
88%
Thirteen at Dinner (1985, TV film) Peter Ustinov
88%
Dead Man's Folly (1986, TV film) Peter Ustinov
88%
Murder in Three Acts (1986, TV film) Peter Ustinov
88%
Appointment with Death (1988, film) Peter Ustinov
88%
Murder on the Orient Express (2017, film) Kenneth Branagh
76%
Death on the Nile (2022, film) Kenneth Branagh
76%
A Haunting in Venice (2023, film) Kenneth Branagh
76%
Murder on the Orient Express (1974, film) Albert Finney
35%
Alibi (1928, play) Charles Laughton
18%
Murder on the Orient Express (2001, TV film) Alfred Molina
12%
The Murder on the Links (2021, audio) Alfred Molina
12%
The ABC Murders (2018, TV mini series) John Malkovich
12%
The Campbell Playhouse - The Murder of Roger Ackroyd (1939, radio series episode) Orson Welles
12%
The Mysterious Affair at Styles (2024, audio adaptation) Peter Dinklage
12%
The Alphabet Murders (1965, film) Tony Randall
12%
Alibi (1931, film) Austin Trevor
6%
Black Coffee (1931, film) Austin Trevor
6%
Lord Edgware Dies (1934, film) Austin Trevor
6%
Murder by the Book (1986, TV) Ian Holm
6%
Hercule Poirot radio series (1987-2007, radio series) John Moffatt
6%
Agatha Christie - Hercule Poirot: The First Cases (2021, video game) Will De Renzy-Martin
6%
Agatha Christie - Hercule Poirot: The London Case (2023, video game) Will De Renzy-Martin
6%
Murder on the Orient Express (2017,play) Allan Corduner
0%
Zagadka Endkhauza / End House Mystery (1989, film) Anatoly Ravikovich
0%
Agatha Christie: A Life in Pictures (2004, TV) Anthony O'Donnell
0%
Slepkavība Stailzā / The Mysterious Affair at Styles (1990, TV) Arnolds Liniņš
0%
Black Coffee (1930, play) Francis L. Sullivan
0%
Hercule Poirot (1945-1947, radio series) Harold Huber
0%
Die Galerie der großen Detektive / Murder on the Orient Express (1955, TV episode) Heini Göbel
0%
Murder on the Orient Express (2022, play) Henry Goodman
0%
Black Coffee (1973, TV) Horst Bollmann
0%
Black Coffee (2014, play) Jason Durr
0%
The Disappearance of Mr. Davenheim (1961, unaired TV pilot) José Ferrer
0%
Neudacha Puaro / Poirot's Failure (2002, TV) Konstantin Raikin
0%
Agatha Christie's Great Detectives Poirot and Marple (2004-2005, anime) Kōtarō Satomi
0%
General Electric Theater / The Disappearance of Mr. Davenheim (1962, TV) Martin Gabel
0%
The Mystery of the Blue Train (1985, radio series) Maurice Denham
0%
Murder Clinic broadcast - The Tragedy at Marsden Manor (1942, radio series episode) Maurice Tarplin
0%
A titokzatos stylesi eset / The Mysterious Affair at Styles (2023, film) Pál Mácsai
0%
Hercule Poirot's Christmas (1986, radio series) Peter Sallis
0%
Murder in the Mews (1955, radio) Richard Bebb
0%
Black Coffee (2014, play) Robert Powell
0%
Murder on the Orient Express (2017, audio adaptation) Tom Conti
0%
No matching quizzes found
Score Distribution
Percent of People with Each Score
Percentile by Number Answered
Your Score History
You have not taken this quiz